Vliv demografických změn na pracovní trh

Na trhu práce dochádza k paradoxu, ktorý je frustrujúci ako pre ľudí hľadajúcich prácu, tak pre zamestnávateľov. Znižovanie počtu ľudí v produktívnom veku, stále menej vyhovujúca kvalifikačná štruktúra. Potrebných talentov je k dispozícii stále menej.

Gespeichert in:
Bibliographische Detailangaben
1. Verfasser: Halbrštát, Jiří
Format: Buchkapitel
Sprache:Tschechisch
Schlagworte:
Tags: Tag hinzufügen
Keine Tags, Fügen Sie das erste Tag hinzu!

MARC

LEADER 00000naa a2200000 4500
001 0156617
005 20231113133059.5
041 0 |a cze 
044 |a CZ 
245 1 0 |a Vliv demografických změn na pracovní trh  |c Jiří Halbrštát 
520 |a Na trhu práce dochádza k paradoxu, ktorý je frustrujúci ako pre ľudí hľadajúcich prácu, tak pre zamestnávateľov. Znižovanie počtu ľudí v produktívnom veku, stále menej vyhovujúca kvalifikačná štruktúra. Potrebných talentov je k dispozícii stále menej. 
610 2 0 |a trh práce 
610 2 0 |a miesta voľné 
610 2 0 |a nezamestnanosť 
610 2 0 |a talenty 
610 2 0 |a vek produktívny 
100 1 |a Halbrštát, Jiří